书目信息 |
| 题名: |
怎样编制设备安装工程预算
|
|
| 作者: | 周国藩 , 杜军 主编 | |
| 分册: | ||
| 出版信息: | 北京 中国建筑工业出版社 1989.10 |
|
| 页数: | 513页 | |
| 开本: | 19cm | |
| 丛书名: | 安装工程预算丛书 | |
| 单 册: | ||
| 中图分类: | TU8 | |
| 科图分类: | ||
| 主题词: | 建筑安装工程-预算编制 , 预算编制-建筑安装工程 | |
| 电子资源: | ||
| ISBN: | 7-112-00827-1 | |
| 000 | 01048nam2 2200277 45 | |
| 001 | 0190016555 | |
| 005 | 20060810084732.81 | |
| 010 | @a7-112-00827-1@dCNY5.90 | |
| 100 | @a19921223d1989 em y0chiy0121 ea | |
| 101 | 0 | @achi |
| 102 | @aCN@b110000 | |
| 105 | @ay z 000yy | |
| 200 | 10 | @a怎样编制设备安装工程预算@AZEN YANG BIAN ZHI SHE BEI AN ZHUANG GONG CHENG YU SUAN@f周国藩主编@FZHOU GUO FAN ZHU BIAN@g杜 军等编 |
| 210 | @a北京@c中国建筑工业出版社@d1989.10 | |
| 215 | @a513页@d19cm | |
| 225 | 2 | @a安装工程预算丛书 |
| 330 | @a本书介绍的设备安装工程项目包括:通用机械设备安装,工艺金属结构与压力容器制作与安装,热力设备安装。书中除介绍预算编制方法外,还举出实例。 | |
| 410 | 0 | @120010@a安装工程预算丛书 |
| 540 | 1 | @a怎样 编制 设备 安装 工程 预算@AZEN YANG BIAN ZHI SHE BEI AN ZHUANG GONG CHENG YU SUAN |
| 606 | @a建筑安装工程-预算编制 | |
| 606 | @a预算编制-建筑安装工程 | |
| 690 | @aTU8@v三版 | |
| 701 | 0 | @a周国藩@AZHOU GUO FAN@4主编 |
| 701 | 0 | @a杜军@ADU JUN@4编 |
| 801 | 0 | @aCN@bTSSF@c20060810 |
| 905 | @a10447@dTU8@e289 | |
| 怎样编制设备安装工程预算/周国藩主编/杜 军等编.-北京:中国建筑工业出版社,1989.10 |
| 513页;19cm.-(安装工程预算丛书) |
| ISBN 7-112-00827-1:CNY5.90 |
| 本书介绍的设备安装工程项目包括:通用机械设备安装,工艺金属结构与压力容器制作与安装,热力设备安装。书中除介绍预算编制方法外,还举出实例。 |
| ● |
| 相关链接 |
|
|
|
|
正题名:怎样编制设备安装工程预算
索取号:TU8/289
 
预约/预借
| 序号 | 登录号 | 条形码 | 馆藏地/架位号 | 状态 | 备注 |
| 1 | 0452048 | 204520483 | 密集书库/ [索取号:TU8/289] | 在馆 | |
| 2 | 0452049 | 204520492 | 密集书库/ [索取号:TU8/289] | 在馆 |